| 000 | 00562nam a2200193Ia 4500 | ||
|---|---|---|---|
| 001 | 32914 | ||
| 003 | Ost | ||
| 005 | 20260507160507.0 | ||
| 008 | 251113s9999||||xx |||||||||||||| ||eng|| | ||
| 040 | _cnitttr | ||
| 041 | _aeng | ||
| 082 | _aTK5105.5 | ||
| 100 | _aGrzenda, Maciej | ||
| 245 | 0 |
_aAdvances in Network Systems : _b Architectures, Security, and Applications / _cGrzenda, Maciej, Awad, Ali Ismail, Furtak, Janusz, Legierski, Jaros?aw |
|
| 700 | _a Awad, Ali Ismail | ||
| 700 | _a Furtak, Janusz | ||
| 700 | _a Legierski, Jaros?aw | ||
| 942 | _cBK | ||
| 999 |
_c32435 _d32435 |
||